Sudden Death - Nachbarländer Südafrikas - Statistiken

Allgemein
  • Dieses Quiz wurde 131 mal gespielt
  • Das Durchschnittsergebnis liegt bei 4 aus 6
Answers on the Grid
Answers color-coded by a green-red scale on the quiz's grid according to % correct below.
Botswana🇧🇼
Lesotho🇱🇸
Eswatini🇸🇿
Namibia🇳🇦
Mosambik🇲🇿
Simbabwe🇿🇼
Angola🇦🇴
Sambia🇿🇲
Malawi🇲🇼
Tansania🇹🇿
Zentralafrikanische Republik🇨🇫
Kenia🇰🇪
Demokratische Republik Kongo🇨🇩
Republik Kongo🇨🇬
Gabun🇬🇦
Südsudan🇸🇸
Sudan🇸🇩
Südkorea🇰🇷
Kamerun🇨🇲
Burundi🇧🇮
 
Antwortstatistiken
Antwort % Korrekt
Lesotho🇱🇸
87%
Eswatini🇸🇿
71%
Namibia🇳🇦
67%
Botswana🇧🇼
58%
Mosambik🇲🇿
56%
Simbabwe🇿🇼
56%
Keine übereinstimmenden Quizze gefunden
Verteilung der Resultate
Anzahl Personen mit jedem Resultat
Perzentil nach korrekt beantworteten Fragen
Ihre Resultats-Entwicklung
Sie haben dieses Quiz noch nicht gespielt